VoIP Telephony With Asterisk : (Record no. 198627)
[ view plain ]
| 000 -LEADER | |
|---|---|
| fixed length control field | 01026 a2200181 4500 |
| 003 - CONTROL NUMBER IDENTIFIER | |
| control field | Nust |
| 005 - DATE AND TIME OF LATEST TRANSACTION | |
| control field | 20220816134416.0 |
| 040 ## - CATALOGING SOURCE | |
| Transcribing agency | Nust |
| 082 ## - DEWEY DECIMAL CLASSIFICATION NUMBER | |
| Classification number | 621.382,MAH |
| 100 ## - MAIN ENTRY--PERSONAL NAME | |
| Personal name | Mahler, Paul |
| 9 (RLIN) | 97472 |
| 245 ## - TITLE STATEMENT | |
| Title | VoIP Telephony With Asterisk : |
| Remainder of title | A Technical Overview of the open Source PBX / |
| Statement of responsibility, etc. | Paul Mahler |
| 260 ## - PUBLICATION, DISTRIBUTION, ETC. | |
| Place of publication, distribution, etc. | Mahler, P.S |
| 300 ## - PHYSICAL DESCRIPTION | |
| Extent | 211p; |
| 505 ## - FORMATTED CONTENTS NOTE | |
| Formatted contents note | Introduction (Page-11), Asterisk Architecture (Page-23), Connectivity (Page-31), Designing Your System (Page-36), Install Linux and Asterisk (Page-45), Asterisk Configuration (Page-54), SIP Configuration (Page-85), Zaptel Configuration (Page-93), IAX Configuration (Page-118), Application Configuration (Page-126), Run and Manage Asterisk (Page-135), Your First Configuration (Page-147), Cisco (Page-153), SNOM Telephones (Page-168), T-Carrier and SONET(Page-169), Network and Signaling (Page-177), Glossary (Page-189), Checklist (Page-206). |
| 650 ## - SUBJECT ADDED ENTRY--TOPICAL TERM | |
| Topical term or geographic name entry element | Telecommunication engineering |
| 651 ## - SUBJECT ADDED ENTRY--GEOGRAPHIC NAME | |
| Geographic name | VoIP Telephony With Asterisk |
| 9 (RLIN) | 97473 |
| 942 ## - ADDED ENTRY ELEMENTS (KOHA) | |
| Koha item type | Reference |
| Source of classification or shelving scheme | |
| Withdrawn status | Lost status | Source of classification or shelving scheme | Damaged status | Not for loan | Permanent Location | Current Location | Shelving location | Date acquired | Full call number | Barcode | Date last seen | Price effective from | Koha item type | Public note |
|---|---|---|---|---|---|---|---|---|---|---|---|---|---|---|
| Military College of Signals (MCS) | Military College of Signals (MCS) | Reference | 12/12/2016 | 621.382,MAH | MCS30618 | 12/08/2016 | 12/12/2016 | Reference | Almirah No.22, Shelf No.1 |
